Rozvoj dálniční sítě
Zvýšenie potrieb dopravy po zmene politického systému a hospodárskej orientácie ČR. Vzrast intenzity cestnej premávky v smere západnej Európy. Prijatie programu výstavby diaľníc, ktorý zohľadňuje požiadavky českej ekonomiky na zaistenie podmienok pre rozvoj hospodárskych. obchodných a kultúrnych vzť...
Gespeichert in:
| 1. Verfasser: | |
|---|---|
| Format: | Buchkapitel |
| Sprache: | Tschechisch |
| Schlagworte: | |
| Tags: |
Keine Tags, Fügen Sie das erste Tag hinzu!
|
MARC
| LEADER | 00000naa a2200000 4500 | ||
|---|---|---|---|
| 001 | r023936 | ||
| 005 | 20221213082727.7 | ||
| 041 | 0 | |a cze | |
| 044 | |a CZ | ||
| 245 | 1 | 0 | |a Rozvoj dálniční sítě |c P. Šejna |
| 520 | |a Zvýšenie potrieb dopravy po zmene politického systému a hospodárskej orientácie ČR. Vzrast intenzity cestnej premávky v smere západnej Európy. Prijatie programu výstavby diaľníc, ktorý zohľadňuje požiadavky českej ekonomiky na zaistenie podmienok pre rozvoj hospodárskych. obchodných a kultúrnych vzťahov s európskymi štátmi. Celkový rozsah diaľničnej siete ČR, časový harmonogram výstavby jednotlivých úsekov diaľníc s perspektívou napojenia na európsku diaľničnú sieť. | ||
| 610 | 2 | 0 | |a doprava cestná |
| 610 | 2 | 0 | |a Česko |
| 610 | 2 | 0 | |a diaľnice |
| 610 | 2 | 0 | |a siete cestné |
| 610 | 2 | 0 | |a Európa |
| 100 | 1 | |a Šejna, P. | |